Putting more public in policy analysis (Record no. 45690)

000 -LEADER
fixed length control field 01382pab a2200181 454500
008 - FIXED-LENGTH DATA ELEMENTS--GENERAL INFORMATION
fixed length control field 180718b2000 xxu||||| |||| 00| 0 eng d
100 ## - MAIN ENTRY--PERSONAL NAME
Personal name Walters, Lawrence C.
245 ## - TITLE STATEMENT
Title Putting more public in policy analysis
260 ## - PUBLICATION, DISTRIBUTION, ETC.
Date of publication, distribution, etc. 2000
300 ## - PHYSICAL DESCRIPTION
Extent p.349-59
362 ## - DATES OF PUBLICATION AND/OR SEQUENTIAL DESIGNATION
Dates of publication and/or sequential designation Jul-Aug
520 ## - SUMMARY, ETC.
Summary, etc. A persistent criticism of policy analysis is that it undermines basic democratic institutions and processes by replacing public participation with expert analysis. Many decision makers shun broader participation because of the complexity of an issue or the cost, uncertainty, and delay often associated with public involvement. This article presents a model for the systematic inclusion of public input into relatively complex public policy decisions. It outlines two determinants of success in public participation efforts; the purpose for public involvement and the nature of the issue; furthermore, it applies the model to two issues in recent Utah history that have involved public participation. Using these principles, decision makers should be able to design and implement public participation strategies that both inform the public about substantive policy questions and improve the quality of the final decision. - Reproduced
650 ## - SUBJECT ADDED ENTRY--TOPICAL TERM
Topical term or geographic name entry element Public policy
700 ## - ADDED ENTRY--PERSONAL NAME
Personal name Miller, Jessica
700 ## - ADDED ENTRY--PERSONAL NAME
Personal name Aydelotte, James
773 ## - HOST ITEM ENTRY
Main entry heading Public Administration Review
909 ## -
-- 45690
Holdings
Withdrawn status Lost status Damaged status Not for loan Permanent Location Current Location Date acquired Serial Enumeration / chronology Barcode Date last seen Price effective from Koha item type
        Indian Institute of Public Administration Indian Institute of Public Administration 2018-07-19 Volume no: 60, Issue no: 4 AR46113 2018-07-19 2018-07-19 Articles

Powered by Koha